00390 2200157 4500245006300000020002200063250001100085100002100096650001300117005001900130260002900149041001400178084000800192300002300200336000900223 aJurus Sukses Menjadi Agen AsuransicDenny KaliwaranghText a978-602-9072-70-9 aCet. 1 aDenny Kaliwarang aAsuransi a20230210092222 aYogyakartabAraskac2011 aIndonesia a368 a144 hlm. :c20 cm. atext